| 000 | 00863cam a22002411i 4500 | ||
|---|---|---|---|
| 003 | OSt | ||
| 005 | 20260412125919.0 | ||
| 008 | 260408s2022 le g 000 0 ara c | ||
| 020 | _a9782745191755 | ||
| 040 |
_aSA-JeALM _bara _cSA-RiAUC _erda |
||
| 082 | 0 | 4 |
_a229.2 _qSA-RiAUC |
| 090 |
_a229.2 _bك ا ب |
||
| 100 | 1 |
_aالكابلي، واصف أحمد فاضل _eمؤلف. |
|
| 245 | 1 | 0 |
_aخواص السور القرآنية / _cواصف أحمد فاضل الكابلي . |
| 264 | 1 |
_aجدة. السعودية : _bدار الكابلي، _c[بين 2000 2020] |
|
| 300 |
_a140 صفحة ؛ _c24 سم. |
||
| 336 |
_aنص _btxt _2rdacontent _3كتاب |
||
| 337 |
_aبدون وسيط _bn _2rdamedia |
||
| 630 | 2 | 7 |
_aالقرآن _xسور وآيات _xفضائل _2aucut |
| 730 | 2 | 2 | _aالقرآن |
| 942 |
_2ddc _cBOOK _n0 |
||
| 949 |
_aSA-JeALM _d260408 _uosman123 _n1 |
||
| 999 |
_c14742 _d14742 |
||